Comparative study of the socio-economic condition of small & big town urban street vendors (Record no. 11839)
[ view plain ]
| 000 -LEADER | |
|---|---|
| fixed length control field | 00612nam a2200169Ia 4500 |
| 082 ## - DEWEY DECIMAL CLASSIFICATION NUMBER | |
| Classification number | RR 0257 |
| 100 ## - MAIN ENTRY--AUTHOR NAME | |
| Personal name | Raman, Rakesh |
| 245 #0 - TITLE STATEMENT | |
| Title | Comparative study of the socio-economic condition of small & big town urban street vendors |
| Sub Title | : |
| 260 ## - PUBLICATION, DISTRIBUTION, ETC. (IMPRINT) | |
| Year of publication | 2011 |
| Name of publisher | Indian Council of Social Science Research, New Delhi |
| 300 ## - PHYSICAL DESCRIPTION | |
| Number of Pages | iii, 203 |
| 504 ## - BIBLIOGRAPHY, ETC. NOTE | |
| Bibliography, etc | includes appendices and bibliography |
| 650 ## - SUBJECT ADDED ENTRY--TOPICAL TERM | |
| Topical Term | Vendors and purchasers |
| Geographic subdivision | India |
| 650 ## - SUBJECT ADDED ENTRY--TOPICAL TERM | |
| Topical Term | Street vendors |
| Form subdivision | Social conditions |
| Geographic subdivision | India |
| 650 ## - SUBJECT ADDED ENTRY--TOPICAL TERM | |
| Topical Term | Social conditions |
| Form subdivision | Economic conditions |
| Geographic subdivision | India |
| 710 ## - ADDED ENTRY--CORPORATE NAME | |
| Corporate name or jurisdiction name as entry element | Banaras Hindu University, Varanasi |
| 942 ## - ADDED ENTRY ELEMENTS (KOHA) | |
| Koha item type | Research Reports |
| Source of classification or shelving scheme | Dewey Decimal Classification |
| Withdrawn status | Lost status | Damaged status | Not for loan | Home library | Current library | Date acquired | Source of acquisition | Bill Date | Full call number | Accession Number | Price effective from | Koha item type |
|---|---|---|---|---|---|---|---|---|---|---|---|---|
| NASSDOC Library | NASSDOC Library | 27/07/2012 | Gifted by : RP Division, ICSSR | 2012-07-13 | RR 0257 | 47801 | 18/04/2019 | Research Reports |
